Filosofía del lenguaje: ensayos

Zapisane w:
Opis bibliograficzny
1. autor: Vossler, Karl (Autor)
Format: Książka
Język:hiszpański
Wydane: Buenos Aires Losada 1943
Hasła przedmiotowe:
Etykiety: Dodaj etykietę
Nie ma etykietki, Dołącz pierwszą etykiete!

MARC

LEADER 00000nam a2200000 a 4500
001 UCX1307
003 CL-VaPUC
008 900719e19430000AG |||||||||||||||||spa|d
082 0 4 |a 401  |b VOS  |2 21 
100 0 |a Vossler, Karl  |e author  |9 316778 
245 1 0 |a Filosofía del lenguaje: ensayos 
300 |a 281 p 
942 |c BK 
945 |d 19900719 00:00:00  |a rbrito 
260 |a Buenos Aires  |b Losada  |c 1943 
650 0 |a Filosofía del lenguaje  |9 257082 
650 0 |a Lingüística  |9 265068 
650 0 |a Gramática comparada y general  |9 313380 
650 0 |a Psicolingüística   |9 283371 
650 0 |a Sociolingüística  |9 263716 
583 |a last modification  |c 19900719 00:00:00  |k Rodrigo Vera 
999 |c 222573  |d 222571 
952 |0 0  |1 0  |4 0  |6 401_000000000000000_VOS_1943  |7 0  |8 A  |9 217517  |a FDOPOS  |b FDOPOS  |d 2019-11-15  |i 2864355  |o 401 VOS 1943  |p 2864355  |r 2025-01-22  |w 2019-11-15  |y BK  |k MLA